Trendy v benefitech

Konzervatívne benefity, benefitové trendy pre 21. storočie. Príklady podpory kreativity a inovatívnosti v práci. Príklady benefitov podporujúcich rovnováhu pracovného a súkromného života. Sloboda vo voľbe benefitov.

Salvato in:
Dettagli Bibliografici
Autore principale: Rolná, Lucie
Altri autori: Pořízková, Magdaléna
Natura: Capitolo di libro
Lingua:ceco
Soggetti:
Tags: Aggiungi Tag
Nessun Tag, puoi essere il primo ad aggiungerne!!

MARC

LEADER 00000naa a2200000 4500
001 0177656
005 20231019120300.2
041 0 |a cze 
044 |a CZ 
245 1 0 |a Trendy v benefitech  |c Lucie Rolná, Magdaléna Pořízková 
520 |a Konzervatívne benefity, benefitové trendy pre 21. storočie. Príklady podpory kreativity a inovatívnosti v práci. Príklady benefitov podporujúcich rovnováhu pracovného a súkromného života. Sloboda vo voľbe benefitov. 
610 2 0 |a firmy 
610 2 0 |a benefity 
100 1 |a Rolná, Lucie 
700 1 |a Pořízková, Magdaléna